000 00429nam a2200205Ia 4500
001 12414
003 GE_BSU
008 181216s||||||||xx |||||||||||||| ||und||
020 _a0752809261
040 _cGE_BSU
080 _a821.111-32
100 _aConnelly,Michael.
245 4 _aThe Poet.
260 _aGreat Britain.
260 _bOrion.
260 _c2000
300 _a482p;18cm.
653 _aThe Poet.
942 _cBK
999 _c45588
_d45588